| 000 | 01182cam a2200337 a 4500 | ||
|---|---|---|---|
| 001 | 1826 | ||
| 003 | FISKH | ||
| 005 | 20231004095842.0 | ||
| 008 | 010620s2002 nyua b 000 1 eng | ||
| 010 | _a 2001003561 | ||
| 020 | _a0516223704 | ||
| 040 |
_aDLC _cDLC _dDLC _beng |
||
| 042 | _alcac | ||
| 050 | 0 | 0 |
_aPZ8.3.G174 _bAl 2002 |
| 082 | 0 | 0 |
_a468.6 _221 |
| 100 | 1 | _aGardeski, Christina Mia. | |
| 245 | 1 | 0 |
_aAll kinds of kids / _cwritten by Christina Mia Gardeski ; illustrated by Bob McMahon. |
| 260 |
_aNew York : _bScholastic, _c2002. |
||
| 300 |
_a22 pages : _bcolor illustrations ; _c18 cm |
||
| 440 | 0 | _aRookie reader | |
| 505 | _aE | ||
| 520 | _aChildren may be different in how they look, what they like to do, and even what they like to eat, but they all have great smiles. | ||
| 521 | 8 |
_a170
_bLexile |
|
| 521 | 8 |
_aE
_bRaz-Plus |
|
| 650 | 1 |
_aIndividuality _vFiction. |
|
| 650 | 1 | _aStories in rhyme. | |
| 700 | 1 |
_aMcMahon, Bob, _d1956- _eillustrator |
|
| 906 |
_a7 _bcbc _corignew _d1 _eecip _f20 _gy-gencatlg |
||
| 942 |
_2ddc _cBK _n0 |
||
| 999 |
_c1826 _d1826 |
||